| 000 | 00418nam a2200169Ia 4500 | ||
|---|---|---|---|
| 020 | _a(pbk) | ||
| 082 |
_a534 _bARO _cL-6,P-78 |
||
| 100 |
_aArora- C. L. _939693 |
||
| 245 | _aSound | ||
| 250 | _a10th ed. | ||
| 260 |
_aNew Delhi _bS. Chand and Company _c1977 |
||
| 300 | _a805p | ||
| 526 |
_a0 _b0 _c0 _d534_000000000000000_ARO |
||
| 526 |
_a0 _b0 _c0 _d534_000000000000000_ARO |
||
| 650 | _aPhysics | ||
| 942 |
_2ddc _cBK |
||
| 999 |
_c544372 _d544372 |
||